[Event "Madrid-ch Previa-A"]
[Site "Madrid"]
[Date "2010.11.22"]
[Round "6"]
[White "Rodriguez Lopez, Canizares Francisco"]
[Black "Prieto Saiz, Carlos Francisco"]
[Result "1-0"]
[WhiteElo "1680"]
[BlackElo "1753"]
[PlyCount "91"]
[EventDate "2010.11.10"]
[EventType "swiss"]
[EventRounds "9"]
[EventCountry "ESP"]
[SourceTitle "EXT 2012"]
[Source "ChessBase"]
[SourceDate "2011.11.24"]
[SourceVersion "1"]
[SourceVersionDate "2011.11.24"]
[SourceQuality "1"]

1. d4 d5 2. Bf4 Nf6 3. e3 e6 4. Bd3 c5 5. c3 Nc6 6. Nf3 cxd4 7. exd4 Bd6 8. Bg3 0-0 9. Nbd2 Re8 10. Ne5 Qc7 11. f4 a5 12. Ndf3 h6 13. Bh4 Be7 14. Qc2 Nxe5 15. Nxe5 Ne4 16. Bxe7 Qxe7 17. Bxe4 dxe4 18. Qxe4 Rb8 19. 0-0 Bd7 20. Nxd7 Qxd7 21. Rf3 Qd5 22. Qxd5 exd5 23. Kf2 Re6 24. Re1 Rb6 25. b3 Kf8 26. Re5 Rd6 27. Rfe3 b5 28. Re7 b4 29. cxb4 axb4 30. Ra7 Rf6 31. g3 Re6 32. Re5 Rbe8 33. Ra4 f6 34. Rxe6 Rxe6 35. Rxb4 Ra6 36. a4 Ra5 37. Rb5 Rxb5 38. axb5 Ke7 39. Ke3 Kd6 40. Kd3 Kc7 41. Kc3 Kb6 42. Kb4 f5 43. h4 g6 44. Ka4 h5 45. Kb4 Kc7 46. Kc5 1-0

[Event "ESP-ch Veterans"]
[Site "Madrid"]
[Date "2010.02.08"]
[Round "1"]
[White "Rodriguez Lopez, Canizares Francisco"]
[Black "Martin Consuegra, Barrilero Javier"]
[Result "0-1"]
[WhiteElo "1699"]
[BlackElo "1905"]
[PlyCount "86"]
[EventDate "2010.02.08"]
[EventType "swiss"]
[EventRounds "9"]
[EventCountry "ESP"]
[SourceTitle "CBM 134 Extra"]
[Source "ChessBase"]
[SourceDate "2010.03.03"]
[SourceVersion "1"]
[SourceVersionDate "2010.03.03"]
[SourceQuality "1"]

1. e4 d6 2. d4 Nf6 3. Nc3 Nbd7 4. Bc4 e5 5. Nf3 Be7 6. 0-0 0-0 7. Ng5 c6 8. Be3 Nb6 9. Be2 h6 10. dxe5 hxg5 11. exf6 Bxf6 12. Qd2 Be6 13. b3 Qe7 14. f4 gxf4 15. Bxf4 Be5 16. Bd3 Qf6 17. Bxe5 Qxe5 18. Ne2 Rad8 19. Qc3 Qxc3 20. Nxc3 Nd7 21. Ne2 Ne5 22. Nf4 Bc8 23. Be2 Rfe8 24. Nd3 Nxd3 25. cxd3 d5 26. Bh5 g6 27. Bf3 dxe4 28. dxe4 Rd2 29. Rf2 Red8 30. h3 Be6 31. Rxd2 Rxd2 32. Kf1 c5 33. Bg4 Bxg4 34. hxg4 g5 35. a3 Rb2 36. b4 c4 37. Rc1 b5 38. Rc3 Kg7 39. Rf3 Rb3 40. Ke2 Rxf3 41. gxf3 Kf6 42. Kd2 Ke5 43. Ke3 a6 0-1

[Event "Madrid-ch Seniors 0809"]
[Site "Madrid"]
[Date "2009.02.18"]
[Round "8"]
[White "Rodriguez Lopez, Canizares Francisco"]
[Black "Martinez Miura, Enrique"]
[Result "0-1"]
[WhiteElo "1693"]
[BlackElo "1735"]
[PlyCount "62"]
[EventDate "2009.02.09"]
[EventType "swiss"]
[EventRounds "9"]
[EventCountry "ESP"]
[SourceTitle "CBM 128 Extra"]
[Source "ChessBase"]
[SourceDate "2009.03.05"]
[SourceVersion "2"]
[SourceVersionDate "2009.03.25"]
[SourceQuality "1"]

1. e4 e6 2. d4 d5 3. e5 c5 4. c3 cxd4 5. cxd4 Bb4+ 6. Nc3 Ne7 7. Qa4+ Nbc6 8. a3 Bxc3+ 9. bxc3 Bd7 10. Qc2 Rc8 11. Nf3 Nf5 12. Qb2 h6 13. Bd2 0-0 14. Bd3 Qc7 15. g4 Nfe7 16. Qc1 Na5 17. 0-0 Nb3 18. Qb2 Nxa1 19. Qxa1 f5 20. Qc1 fxg4 21. Bxh6 gxf3 22. Qg5 Rf7 23. Qg3 Nf5 24. Bxf5 exf5 25. Bd2 Be6 26. Qxf3 Qe7 27. Qg3 Qxa3 28. h4 Qb2 29. Qd3 f4 30. Kh2 Bf5 31. Qe2 Rxc3 0-1

[Event "Madrid-ch Previa-A"]
[Site "Madrid"]
[Date "2008.11.17"]
[Round "7"]
[White "Manzano Molina, Daniel"]
[Black "Rodriguez Lopez, Canizares Francisco"]
[Result "0-1"]
[WhiteElo "1608"]
[BlackElo "1692"]
[PlyCount "56"]
[EventDate "2008.11.03"]
[EventType "swiss"]
[EventRounds "9"]
[EventCountry "ESP"]
[SourceTitle "CBM 127 Extra"]
[Source "ChessBase"]
[SourceDate "2009.01.08"]
[SourceVersion "2"]
[SourceVersionDate "2009.01.28"]
[SourceQuality "1"]

1. d4 Nf6 2. c4 e5 3. d5 Bc5 4. Bg5 Bxf2+ 5. Kxf2 Ne4+ 6. Ke1 Qxg5 7. Nd2 Qh4+ 8. g3 Nxg3 9. Ndf3 Qh5 10. hxg3 Qxh1 11. Nh3 d6 12. Nf2 Qh6 13. Qb3 Nd7 14. e4 Nc5 15. Qc3 Qg6 16. Nd2 0-0 17. Bg2 f5 18. b4 Na4 19. Qb3 Bd7 20. b5 Nc5 21. Qc3 f4 22. Nf1 fxg3 23. Qxg3 Qxg3 24. Nxg3 Rf6 25. Ke2 Rg6 26. Kf3 Rf8+ 27. Nf5 Bxf5 28. exf5 Rxf5+ 0-1

[Event "Madrid-ch Seniors"]
[Site "Madrid"]
[Date "2008.02.08"]
[Round "3"]
[White "Rodriguez Lopez, Canizares Francisco"]
[Black "Sanchez Rodenas, Jose Antonio"]
[Result "1-0"]
[WhiteElo "1692"]
[BlackElo "1794"]
[PlyCount "151"]
[EventDate "2008.02.05"]
[EventType "swiss"]
[EventRounds "7"]
[EventCountry "ESP"]
[SourceTitle "EXT 2010"]
[Source "ChessBase"]
[SourceDate "2010.11.25"]
[SourceVersion "1"]
[SourceVersionDate "2010.11.25"]
[SourceQuality "1"]

1. e4 c6 2. d4 d5 3. exd5 cxd5 4. Nc3 Nf6 5. Bd3 Nc6 6. Be3 e6 7. a3 Be7 8. Nf3 a6 9. 0-0 0-0 10. Bf4 Bd6 11. Ne5 Nxd4 12. Bxh7+ Nxh7 13. Qxd4 Qc7 14. Rfe1 f6 15. Nxd5 Qc5 16. Qxc5 Bxc5 17. Nd3 Bxf2+ 18. Kxf2 exd5 19. Rad1 Bf5 20. Nb4 Rae8 21. Rxd5 Rxe1 22. Kxe1 Be4 23. Rd2 Re8 24. Re2 Kf7 25. g3 Nf8 26. Nd3 Nd7 27. Kd2 f5 28. Nf2 Nc5 29. b4 Rd8+ 30. Ke3 Na4 31. Nxe4 fxe4 32. Be5 Nb6 33. Kxe4 Nc4 34. Bf4 Nxa3 35. c3 Nb5 36. Be5 Re8 37. Kd3 Rd8+ 38. Bd4 Nd6 39. h4 Nf5 40. Rf2 Kg6 41. Rf4 Nh6 42. g4 Ng8 43. Rf5 Rd7 44. Rg5+ Kh7 45. Re5 Nf6 46. g5 Nh5 47. Re3 Kg6 48. Rf3 Kh7 49. Ke4 Kg6 50. Ke5 b5 51. Ke6 Rc7 52. Kd6 Rb7 53. Kc6 Re7 54. Bc5 Re6+ 55. Kb7 Kh7 56. Bb6 g6 57. Kxa6 Ng7 58. Rf7 Kg8 59. Rf4 Nf5 60. h5 Nd6 61. hxg6 Rxg6 62. Rf6 Rxf6 63. gxf6 Ne4 64. Bd4 Nd6 65. Kb6 Kf7 66. Kc6 Ke6 67. Bc5 Ne4 68. Kxb5 Nxc3+ 69. Kc4 Ne4 70. Be7 Nd2+ 71. Kc5 Nb3+ 72. Kb6 Nd4 73. b5 Kd7 74. Ka6 Ne6 75. b6 Nc5+ 76. Bxc5 1-0

[Event "Madrid-ch Seniors"]
[Site "Madrid"]
[Date "2008.02.08"]
[Round "4"]
[White "Rodriguez Perez, Rene"]
[Black "Rodriguez Lopez, Canizares Francisco"]
[Result "1-0"]
[WhiteElo "2115"]
[BlackElo "1692"]
[PlyCount "57"]
[EventDate "2008.02.05"]
[EventType "swiss"]
[EventRounds "7"]
[EventCountry "ESP"]
[SourceTitle "EXT 2010"]
[Source "ChessBase"]
[SourceDate "2010.11.25"]
[SourceVersion "1"]
[SourceVersionDate "2010.11.25"]
[SourceQuality "1"]

1. e4 e6 2. d4 d5 3. e5 c5 4. c3 Nc6 5. Nf3 Qb6 6. a3 Nh6 7. Bd3 Bd7 8. Bc2 Nf5 9. Bxf5 exf5 10. dxc5 Bxc5 11. 0-0 Be6 12. b4 Be7 13. Re1 0-0-0 14. Be3 Qc7 15. a4 b6 16. Na3 Kd7 17. Nb5 Qb7 18. Nbd4 Nxd4 19. Nxd4 a6 20. Qd3 Ke8 21. Nxf5 Bf8 22. Bd4 b5 23. Nd6+ Bxd6 24. exd6 Rxd6 25. Qg3 Kd7 26. Bc5 Rc6 27. Qxg7 Rcc8 28. Rxe6 Kxe6 29. Re1+ 1-0

[Event "Madrid-ch Seniors"]
[Site "Madrid"]
[Date "2008.02.05"]
[Round "1"]
[White "Rodriguez Lopez, Canizares Francisco"]
[Black "Leniz Martinez, Francisco"]
[Result "1/2-1/2"]
[WhiteElo "1692"]
[BlackElo "1904"]
[PlyCount "57"]
[EventDate "2008.02.05"]
[EventType "swiss"]
[EventRounds "7"]
[EventCountry "ESP"]
[SourceTitle "EXT 2010"]
[Source "ChessBase"]
[SourceDate "2010.11.25"]
[SourceVersion "1"]
[SourceVersionDate "2010.11.25"]
[SourceQuality "1"]

1. e4 c5 2. Nf3 e6 3. d4 cxd4 4. Nxd4 a6 5. Nc3 Qc7 6. f4 Nc6 7. Nb3 d6 8. Be3 Nf6 9. Bd3 Be7 10. Na4 b5 11. Nb6 Rb8 12. Nxc8 Rxc8 13. a3 d5 14. e5 Nd7 15. Qg4 g6 16. 0-0 Na5 17. Nxa5 Qxa5 18. b4 Qd8 19. Qh3 Nb6 20. Rfd1 0-0 21. Rac1 Nc4 22. Bxc4 Rxc4 23. c3 Re4 24. Rd4 Rxd4 25. cxd4 Qd7 26. Bd2 Rc8 27. Rxc8+ Qxc8 28. Qc3 Qxc3 29. Bxc3 1/2-1/2